[Event "Portugal op"]
[Site "Oeiras"]
[Date "2015.09.02"]
[Round "5"]
[White "Dionizio, Andre Filipe Nascim"]
[Black "Maria, Antonio Jose Concei"]
[Result "1-0"]
[WhiteElo "1977"]
[BlackElo "1620"]
[PlyCount "43"]
[EventDate "2015.08.30"]
[EventType "swiss"]
[EventRounds "9"]
[EventCountry "POR"]
[SourceTitle "EXT 2016"]
[Source "ChessBase"]
[SourceDate "2015.10.08"]
[SourceVersion "1"]
[SourceVersionDate "2015.10.08"]
[SourceQuality "1"]

1. e4 c5 2. Nf3 d6 3. d4 cxd4 4. Nxd4 Nf6 5. Nc3 a6 6. Be2 e5 7. Nb3 Be6 8. Be3 Be7 9. 0-0 0-0 10. f4 exf4 11. Bxf4 Nc6 12. Qe1 Qb6+ 13. Kh1 Ne5 14. Qg3 Ng6 15. Be3 Qc7 16. Nd4 Bc4 17. Rad1 Bxe2 18. Ndxe2 Qc6 19. Nd4 Nxe4 20. Qf3 Ng5 21. Bxg5 Qxf3 22. Nxf3 1-0

[Event "Portugal op"]
[Site "Oeiras"]
[Date "2015.09.02"]
[Round "6"]
[White "Maria, Antonio Jose Concei"]
[Black "Santos, Ana Pereira Dos"]
[Result "1-0"]
[WhiteElo "1620"]
[BlackElo "1545"]
[PlyCount "61"]
[EventDate "2015.08.30"]
[EventType "swiss"]
[EventRounds "9"]
[EventCountry "POR"]
[SourceTitle "EXT 2016"]
[Source "ChessBase"]
[SourceDate "2015.10.08"]
[SourceVersion "1"]
[SourceVersionDate "2015.10.08"]
[SourceQuality "1"]

1. d4 d5 2. c4 c6 3. Nc3 e6 4. Nf3 dxc4 5. e4 b5 6. b3 Bb4 7. Bd2 a5 8. bxc4 Bxc3 9. Bxc3 b4 10. Bd2 Bb7 11. c5 Nd7 12. a3 e5 13. axb4 exd4 14. bxa5 Nxc5 15. Bb4 Nxe4 16. Nxd4 Qf6 17. Nf3 Qb2 18. Bd2 Nxd2 19. Nxd2 0-0-0 20. Qc1 Rxd2 21. Qxb2 Rxb2 22. a6 Ba8 23. a7 Kb7 24. Bc4 Nh6 25. 0-0 Rd8 26. Rfe1 Rdd2 27. Re7+ Kc8 28. Re8+ Rd8 29. Re7 Rd7 30. Re8+ Kb7 31. Rb8+ 1-0

[Event "Portugal op"]
[Site "Oeiras"]
[Date "2015.08.31"]
[Round "3"]
[White "Pais, David Seguro Matos "]
[Black "Maria, Antonio Jose Concei"]
[Result "1/2-1/2"]
[WhiteElo "1172"]
[BlackElo "1620"]
[PlyCount "72"]
[EventDate "2015.08.30"]
[EventType "swiss"]
[EventRounds "9"]
[EventCountry "POR"]
[SourceTitle "EXT 2016"]
[Source "ChessBase"]
[SourceDate "2015.10.08"]
[SourceVersion "1"]
[SourceVersionDate "2015.10.08"]
[SourceQuality "1"]

1. d4 Nf6 2. c4 g6 3. Nc3 Bg7 4. Bf4 d6 5. Nf3 0-0 6. e4 Nh5 7. Be3 b6 8. Be2 Nd7 9. Rc1 Bb7 10. Nd2 Nhf6 11. 0-0 c5 12. d5 Qe8 13. Nb5 Qd8 14. b3 a6 15. Nc3 Qe8 16. a4 e6 17. Re1 exd5 18. exd5 Kh8 19. Bf3 Ne5 20. Qc2 Nxf3+ 21. Nxf3 Qd7 22. Bf4 Rae8 23. Ne4 Nxe4 24. Rxe4 Rxe4 25. Qxe4 Re8 26. Qd3 Bc8 27. h3 h5 28. Kf1 Qd8 29. Re1 Rxe1+ 30. Kxe1 Bf5 31. Qd1 Qe7+ 32. Qe2 Qxe2+ 33. Kxe2 Bf8 34. Kd2 f6 35. Nh4 Kh7 36. Nxf5 gxf5 1/2-1/2

[Event "Portugal op"]
[Site "Oeiras"]
[Date "2015.08.30"]
[Round "1"]
[White "Soares, Manuel AAL Branda"]
[Black "Maria, Antonio Jose Concei"]
[Result "0-1"]
[WhiteElo "1090"]
[BlackElo "1620"]
[PlyCount "50"]
[EventDate "2015.08.30"]
[EventType "swiss"]
[EventRounds "9"]
[EventCountry "POR"]
[SourceTitle "EXT 2016"]
[Source "ChessBase"]
[SourceDate "2015.10.08"]
[SourceVersion "1"]
[SourceVersionDate "2015.10.08"]
[SourceQuality "1"]

1. e4 c5 2. Nf3 d6 3. d4 cxd4 4. Nxd4 Nf6 5. Nc3 a6 6. Bd3 e5 7. Nf3 Be6 8. h3 Be7 9. 0-0 0-0 10. Ng5 Bd7 11. Be3 Nc6 12. Qd2 h6 13. Nf3 Be6 14. Nh4 Nxe4 15. Bxe4 Bxh4 16. Rad1 f5 17. Bd5 Bxd5 18. Qxd5+ Kh8 19. Qxd6 f4 20. Qxd8 Raxd8 21. Rxd8 Rxd8 22. Bb6 Rd2 23. Bc7 Rxc2 24. Na4 b5 25. Nc5 Rxc5 0-1